Towards Green Communication and Advancing IoT Sustainability: Deep Reinforcement Learning for Enhanced Energy Efficiency in Next-Gen Communications/ (Record no. 615347)

000 -LEADER
fixed length control field 00594nam a22001577a 4500
003 - CONTROL NUMBER IDENTIFIER
control field NUST
038 ## - RECORD CONTENT LICENSOR
Staff Name Nusrat Nadeem
082 ## - DEWEY DECIMAL CLASSIFICATION NUMBER
Classification number 200
100 ## - MAIN ENTRY--PERSONAL NAME
Personal name Syed Asad Ullah
245 ## - TITLE STATEMENT
Title Towards Green Communication and Advancing IoT Sustainability: Deep Reinforcement Learning for Enhanced Energy Efficiency in Next-Gen Communications/
Statement of responsibility, etc. Syed Asad Ullah
264 ## - PRODUCTION, PUBLICATION, DISTRIBUTION, MANUFACTURE, AND COPYRIGHT NOTICE
Place of production, publication, distribution, manufacture Islamabad:
Name of producer, publisher, distributor, manufacturer SEECS NUST.
Date of production, publication, distribution, manufacture, or copyright notice 2025.
650 ## - SUBJECT ADDED ENTRY--TOPICAL TERM
Topical term or geographic name entry element PhD-Electrical Engineering
700 ## - ADDED ENTRY--PERSONAL NAME
Personal name Supervisor: Prof. Syed Ali Hassan
856 ## - ELECTRONIC LOCATION AND ACCESS
Uniform Resource Identifier <a href=" http://10.250.8.41:8080/xmlui/handle/123456789/56234"> http://10.250.8.41:8080/xmlui/handle/123456789/56234</a>
942 ## - ADDED ENTRY ELEMENTS (KOHA)
Source of classification or shelving scheme
Koha item type Soft Copy
Holdings
Withdrawn status Permanent Location Current Location Shelving location Date acquired Full call number Barcode Koha item type
  Central Library (CL) Central Library (CL) Thesis 11/13/2025 200 CLPT-769 Soft Copy
© 2023 Central Library, National University of Sciences and Technology. All Rights Reserved.